| 000 | 00834cam a2200205 4500 | ||
|---|---|---|---|
| 001 | ABS64138 | ||
| 008 | 000000n2001 000 0 eng u | ||
| 035 | _a(Sirsi) u113356 | ||
| 100 | _aParisotti, M. | ||
| 245 | _aHold on to the rottweiler | ||
| 260 | _c2001 | ||
| 490 |
_aBuilding _v266(8190) 22 June 2001, 54(1) |
||
| 520 | _aOffers basic advice to professionals on avoiding paying high legal costs or for formal dispute resolution by preventing disputes from escalating, suggesting that a reasonable, pragmatic and polite approach may be more successful in achieving a practical resolution. | ||
| 590 | _aABS | ||
| 650 | _aALTERNATIVE DISPUTE RESOLUTION | ||
| 650 | _aBUILT ENVIRONMENT-BUILDING CONTRACT FORMS | ||
| 650 | _aBUILT ENVIRONMENT-BUILDING CONTRACT FORMS | ||
| 690 |
_aDispute resolution _96236 |
||
| 942 | _n0 | ||
| 999 |
_c67531 _d67531 |
||